Online Catalogue and eLibrary

Sangramayan Pasu : (Record no. 5756)

MARC details
000 -LEADER
fixed length control field 00487nam a2200157Ia 4500
005 - DATE AND TIME OF LATEST TRANSACTION
control field 20250425043043.0
008 - FIXED-LENGTH DATA ELEMENTS--GENERAL INFORMATION
fixed length control field 240331s9999 xx 000 0 und d
020 ## - INTERNATIONAL STANDARD BOOK NUMBER
ISBN 9789555736118
082 ## - DDC Classification
Item Number - Author Mark JAY
Class No. 891
100 ## - MAIN ENTRY--PERSONAL NAME
Personal name Jayathunga, R(Dr)
245 #0 - TITLE STATEMENT
Title Sangramayan Pasu :
Remainder of title Elam Yuddaye MuHUna Dun Soldadawan ge Anuwedeniy Katha
260 ## - PUBLICATION, DISTRIBUTION, ETC.
Place of publication, distribution, etc. Nugegoda
Name of publisher, distributor, etc. University Publishers
Date of publication, distribution, etc. 2007
300 ## - PHYSICAL DESCRIPTION
Extent (e.g. Volumes, Pages etc.) XX, 331 p .,
500 ## - GENERAL NOTE
General note Narrative stories of soldiers who faced the Eelam war
942 ## - Koha item type (Biblio)
Koha item type Books in Stacks (Lending)
Holdings
Lost status Damaged status Collection code Home library Current library Shelving location Date acquired Full call number Accession Number Item type
    Lending WERC Library WERC Library Social Science Cupboard 03/31/2024 891.48 JAY 6689 Books in Stacks (Lending)

© WERC Library